000 00328nam a2200133 a 4500
005 20141022142001.0
008 100914s19uu xx 00 eng d
050 _aDVD
_bK33 1997
100 _aKenny, Jennifer
245 _aMobilizing Commitment in your organization.
650 _aDVD
650 _amanagement
942 _cAVM
999 _c276246
_d276246